Verejný sektor - nástroj na riešenie zlyhaní súkromného trhu?
Gespeichert in:
| 1. Verfasser: | |
|---|---|
| Format: | Buch |
| Sprache: | Slowakisch |
| Veröffentlicht: |
Banská Bystrica
Fakulta financií Univerzity Mateja Bela v Banskej Bystrici
2001
|
| Schlagworte: | |
| Tags: |
Keine Tags, Fügen Sie das erste Tag hinzu!
|
MARC
| LEADER | 00000nam$a2200000$$$4500 | ||
|---|---|---|---|
| 001 | 0111674 | ||
| 005 | 20240502072233.9 | ||
| 020 | |a 80-8055-538-9 | ||
| 041 | 0 | |a slo | |
| 044 | |a SK | ||
| 245 | 1 | 0 | |a Verejný sektor - nástroj na riešenie zlyhaní súkromného trhu? |c Anetta Čaplánová |
| 264 | 1 | |a Banská Bystrica |b Fakulta financií Univerzity Mateja Bela v Banskej Bystrici |c 2001 | |
| 300 | |a 28 s. | ||
| 610 | 2 | 0 | |a sektor verejný |
| 610 | 2 | 0 | |a trh |
| 610 | 2 | 0 | |a intervencie |
| 100 | 1 | |a Čaplánová, Anetta, 1967- | |